| 000 | 01197 a2200229 4500 | ||
|---|---|---|---|
| 003 | NALT | ||
| 005 | 20220615155952.0 | ||
| 008 | 220615b th ||||| |||| 00| 0 tha d | ||
| 020 | _a9789740217206 | ||
| 040 | _aNALT | ||
| 050 |
_aDS 577 _bอ873ช 2563 |
||
| 100 | 0 |
_aเอกชัย โควาวิสารัช _928608 |
|
| 245 | 1 | 0 |
_aชันสูตรประวัติศาสตร์ ไขปริศนาพระนารายณ์ / _cเอกชัย โควาวิสารัช. |
| 250 | _aพิมพ์ครั้งแรก | ||
| 260 |
_aกรุงเทพฯ : _bมติชน, _c2563. |
||
| 300 |
_a452 หน้า : _bภาพประกอบ, ตาราง, แผนที่ ; _c24 ซม. |
||
| 600 | 0 | 4 |
_922625 _aนารายณ์มหาราช, _cสมเด็จพระ, _d2175-2231 |
| 651 | 4 |
_922591 _aไทย _xประวัติศาสตร์ _yกรุงศรีอยุธยา _yสมเด็จพระนารายณ์มหาราช, 2199-2231 |
|
| 850 | _aNALT | ||
| 942 |
_2lcc _cGB |
||
| 998 |
_aphon _bphon _cphon _j104 _k นางสาวสายฝน ดีงาม |
||
| 999 |
_c100270 _d100270 |
||